Población, fuerza de trabajo y empleo (Registro nro. 3887)
[ vista simple ]
| 000 -LEADER | |
|---|---|
| fixed length control field | 01843 a2200241 4500 |
| 001 - CONTROL NUMBER | |
| control field | 45036 |
| 005 - DATE AND TIME OF LATEST TRANSACTION | |
| control field | 20260407155725.0 |
| 008 - FIXED-LENGTH DATA ELEMENTS--GENERAL INFORMATION | |
| fixed length control field | 260407a1993 arg spa d |
| 003 - CONTROL NUMBER IDENTIFIER | |
| control field | AR-UNSa-BCEJYS |
| 040 ## - CATALOGING SOURCE | |
| Original cataloging agency | AR-UNSa-BCEJYS |
| Language of cataloging | spa |
| Transcribing agency | AR-UNSa-BCEJYS |
| 080 ## - UNIVERSAL DECIMAL CLASSIFICATION NUMBER | |
| Universal Decimal Classification number | 331.5 |
| Common auxiliary subdivision | Mercado de Trabajo. Empleo |
| 020 ## - INTERNATIONAL STANDARD BOOK NUMBER | |
| International Standard Book Number | 92-2-308318-4 |
| 041 ## - LANGUAGE CODE | |
| Language code of text/sound track or separate title | spa |
| 100 1# - MAIN ENTRY--PERSONAL NAME | |
| Personal name | Ofosu, Yaw |
| 245 10 - TITLE STATEMENT | |
| Title | Población, fuerza de trabajo y empleo |
| Name of part/section of a work | conceptos, tendencias y aspectos de política |
| 264 #1 - PRODUCTION, PUBLICATION, DISTRIBUTION, MANUFACTURE, AND COPYRIGHT NOTICE | |
| Place of production, publication, distribution, manufacture | Ginebra : |
| Name of producer, publisher, distributor, manufacturer | OIT |
| Date of production, publication, distribution, manufacture, or copyright notice | 1993 |
| 300 ## - PHYSICAL DESCRIPTION | |
| Extent | vii, 116 p. |
| Dimensions | 29 cm. |
| 505 ## - FORMATTED CONTENTS NOTE | |
| Formatted contents note | I. Introducción - - II. Tendencias globales del empleo y el crecimiento del trabajo : 1. Crecimiento de la Fuerza de Trabajo – 2. Visión Económica Global – 3. Reto del Empleo en los Países en Desarrollo - - III. Conceptos y aspectos de la medición : 1. Conceptos de la Fuerza de Trabajo – 2. Medición de la Actividad Económica y Algunos Problemas – 3. Subutilización Laboral - - IV. Determinantes de la oferta laboral y del crecimiento de la fuerza del trabajo : 1. Introducción – 2. Fecundidad, Mortalidad y Estructura de Edad – 3. Migración – 4. Factores Económicos, Sociales y Culturales - - V. Determinantes del empleo : 1. Introducción – 2. Naturaleza y Estructura del Empleo en Países en Desarrollo – 3. Determinantes del Crecimiento de la Demanda Laboral – 4. Determinantes del Crecimiento del Empleo en el Sector del Autoempleo - - VI. Aspectos de política y consideraciones para los países en desarrollo : 1. Causa de la Brecha y el Empleo – 2. Consideraciones de la oferta – 3. Desarrollo Orientado al Empleo - - VII. Conclusión. |
| 590 ## - LOCAL NOTE (RLIN) | |
| Local note | niveau_biblio:m niveau_hierar:0 |
| 700 1# - ADDED ENTRY--PERSONAL NAME | |
| Personal name | Farooq, Ghazi M. |
| 856 41 - ELECTRONIC LOCATION AND ACCESS | |
| Uniform Resource Identifier | <a href="https://www.biblioeco.unsa.edu.ar/pmb/images/libros/L127060.jpg">https://www.biblioeco.unsa.edu.ar/pmb/images/libros/L127060.jpg</a> |
| Link text | Imagen de portada |
| Electronic format type | image/jpeg |
| 942 ## - ADDED ENTRY ELEMENTS (KOHA) | |
| Koha item type | |
| Withdrawn status | Lost status | Damaged status | Not for loan | Home library | Current library | Shelving location | Date acquired | Total checkouts | Full call number | Barcode | Date last seen | Price effective from | Koha item type |
|---|---|---|---|---|---|---|---|---|---|---|---|---|---|
| Biblioteca Prof. Eusebio Cleto del Rey | Biblioteca Prof. Eusebio Cleto del Rey | 07/04/2026 | 331.5 F237 | L127060 | 07/04/2026 | 07/04/2026 | Libro |